00432nam a2200121Ia 4500008004100000041000800041082001700049100001900066245003400085260003400119999001900153952013800172230627s9999 xx 000 0 und d amar a346.059bTAL aTalankar D. R. aBombay Public Trusts Act 1950 aMumbaibKamal Law Housec2005 c687806d687806 001040708LLBaNLPbNLPcNLP-17d2006-03-31g175.00l1m2o346.059 TALpNLP-N08754r2026-04-13 00:00:00s2026-03-24w2023-07-17yBK